Silent 'T' Quiz Stats

 Plays Quiz Updated Apr 4, 2014

Also try: Silent 'P'
Challenge
Share
Tweet
Embed
Score 0/26 Timer 06:00
0 Plays Today
Clue Answer % Correct
Car-parker at a restaurant or hotelvalet
87.7%
Common all-you-can-eat restaurant typebuffet
81.6%
Cut of beef or fishfilet
75.7%
Classic French snail dishescargot
75.5%
Craft that uses yarn and a hooked needlecrochet
69.3%
Classical, contemporary and neoclassical are examples of this performance danceballet
68.7%
Character's or athlete's first appearancedebut
68.1%
Corvette, Camaro or CobaltChevrolet
66.7%
Creative genius who founded French impressionismClaude Monet
66.5%
Cap for Pablo Picassoberet
64.7%
'Conservative' Comedy Central punditStephen Colbert
60.6%
Comforter blanketduvet
59.4%
Cottage in the Alpschalet
54.1%
Clue Answer % Correct
Carroll described an amusing variation of this game between Alice and the Queen of Heartscroquet
48.7%
Comes after Home or OfficeDepot
45.4%
Counterpart to the garter at a weddingbouquet
44.3%
Cuisine of high qualitygourmet
44%
Candidate for US president in 1992 and 1996Ross Perot
43.7%
Contemporary of aboveÉdouard Manet
41.7%
Cousin to burlesque entertainment
or an Oscar-winning film of 1972
Cabaret
37.6%
Case or bag containing perfuming powder meant to impart a pleasant scentsachet
27.8%
Crooner with a thick mustache
famously parodied by Will Ferrell
Robert Goulet
24.9%
Companion to a milkshake or sundaeparfait
24.1%
Camaraderie or connection with a person or grouprapport
15.6%
Commemorative stamp or inscription
on a postal card or envelope
cachet
8%
City of Light, as an example, referring to Parissobriquet
5.9%

You're not logged in!

Compare scores with friends on all Sporcle quizzes.
OR
Log In

You Might Also Like...

Show Comments

Extras

Top Quizzes Today


Score Distribution

Your Account Isn't Verified!

In order to create a playlist on Sporcle, you need to verify the email address you used during registration. Go to your Sporcle Settings to finish the process.

Report this User

Report this user for behavior that violates our Community Guidelines.

Details: